000 00694cam a22002173a 4500
001 39855
003 PGUSA
005 20140828083904.0
008 120529s2012||||xxu|||||s|||||000 | eng d
040 _aPGUSA
_beng
042 _adc
100 1 _aEpictetus,
_d55-135
245 1 4 _aThe Teaching of Epictetus :
_bBeing the 'Encheiridion of Epictetus,' with Selections from the 'Dissertations' and 'Fragments'
_h[electronic resource] /
_cEpictetus
260 _bProject Gutenberg,
_c2012
506 _aPublic domain in the USA.
516 _aElectronic text
700 1 _aRolleston, T.W.
830 0 _aProject Gutenberg
_v39855
856 4 0 _uhttp://www.gutenberg.org/ebooks/39855
942 _cEB
999 _c269108
_d269108